Costa Rica Development of scientific and technology research
Đã lưu trong:
| 主要作者: | |
|---|---|
| 格式: | 图书 |
| 语言: | Undetermined |
| 出版: |
Stockholm
SAREC
1991
|
| 主题: | |
| 标签: |
添加标签
没有标签, 成为第一个标记此记录!
|
| Thư viện lưu trữ: | Trung tâm Học liệu Trường Đại học Cần Thơ |
|---|
| LEADER | 00543nam a2200193Ia 4500 | ||
|---|---|---|---|
| 001 | CTU_34374 | ||
| 008 | 210402s9999 xx 000 0 und d | ||
| 082 | |a 306.2 | ||
| 082 | |b S113 | ||
| 100 | |a Jorge Federico Sabato | ||
| 245 | 0 | |a Costa Rica | |
| 245 | 0 | |b Development of scientific and technology research | |
| 245 | 0 | |c Jorge Federico Sabato | |
| 260 | |a Stockholm | ||
| 260 | |b SAREC | ||
| 260 | |c 1991 | ||
| 650 | |a costa rica | ||
| 904 | |i Nguyễn Quang Điền, 991206 | ||
| 980 | |a Trung tâm Học liệu Trường Đại học Cần Thơ | ||